| 000 | 01405cab a22002535a 4500 | ||
|---|---|---|---|
| 001 | L146489 | ||
| 008 | 090126e20090124xxka f 000 0 eng d | ||
| 035 | _a(Sirsi) u146489 | ||
| 041 | 0 | _aeng | |
| 100 | 1 | _aVara, Beverley | |
| 245 | 0 | 0 | _aWays to stay afloat |
| 260 | _c2009 | ||
| 490 |
_aEstates Gazette _v(0904) 24 January 2009, 98-99(2) |
||
| 520 | _aArticle states that valuations during a downturn will usually be under more intense scrutiny than might normally be expected. Illustrates the key principles that valuers should be careful to stick to so as to avoid claims for damages. These principles are summed up as: valuers should ensure that they know their duty to the client and then carry it out; if a valuer has breached their duty to a client they are not automatically liable for the totality of the client's loss and that valuer's should enter into dialogue with the other side as soon as possible. Highlights recent case law on the subject. | ||
| 590 | _aKA | ||
| 650 | 2 | 4 | _aPLATFORM FUNDING LTD V BANK OF SCOTLAND PLC (FORMERLY HALIFAX PLC) |
| 650 | 2 | 4 | _aSOUTH AUSTRALIA ASSET MANAGEMENT CORPORATION V YORK MONTAGUE LTD |
| 650 | 2 | 4 | _aEARL OF MALMESBURY V STRUTT & PARKER |
| 650 | 2 | 4 | _aKEYDON ESTATES LTD V EVERSHEDS LLP |
| 650 | 2 | 4 | _aSMITH V ERIC S BUSH |
| 651 | 4 |
_aUnited Kingdom _y |
|
| 690 | _aPROPERTY-PROPERTY VALUATION AND APPRAISAL-VALUATION ACCURACY | ||
| 942 | _n0 | ||
| 999 |
_c81166 _d81166 |
||